00783cam a2200229 a 4500003000900000005001700009008004100026020001800067040002800085082001700113100003900130245004600169250001700215260003600232300003400268490004400302490002700346500003200373500004100405650004500446650006200491CO-ViMGA20230915233132.0090428s2008 ck c gr 000 0 spa  a9789588293370 aCO-ViMGAbspacCO-ViMGA04a920.72bL42d10aLleras Restrepo, Carlosd1908-199410aDe ciertas damas cCarlos Lleras Restrepo a6a. edicin̤ aBogot bVillegas Editoresc2008 a494 pg̀inas bfotos c24 cm. aColeccin̤ dorada. Intereses generales  aVillegas. Biografa̕s  aDonacin̤ Villegas Editores aIncluye datos biogrf̀icos del autor142LEMBaMujeres en la poltica vBiografias142LEMBaMujeresvBiografiasxCuestiones sociales y morales